[Event "Niedersachsen-ch"]
[Site "Verden an der Aller"]
[Date "2024.01.07"]
[Round "7"]
[White "Bundan, Edward"]
[Black "Hans, Julian"]
[Result "0-1"]
[WhiteElo "1706"]
[BlackElo "1925"]
[PlyCount "76"]
[EventDate "2024.01.04"]
[EventType "swiss"]
[EventRounds "7"]
[EventCountry "GER"]
[SourceTitle "CB02_2024"]
[SourceDate "2024.01.10"]
[SourceVersion "1"]
[SourceVersionDate "2024.01.10"]
[SourceQuality "1"]

1. e4 e6 2. d4 d5 3. Bd3 dxe4 4. Bxe4 Nf6 5. Bf3 c5 6. Ne2 Nc6 7. c3 cxd4 8. Nxd4 Nxd4 9. Qxd4 Qxd4 10. cxd4 Nd5 11. a3 Bd7 12. Nc3 Bc6 13. Nxd5 Bxd5 14. Bxd5 exd5 15. 0-0 Bd6 16. Bd2 Kd7 17. Rfe1 Rhe8 18. g3 Rxe1+ 19. Rxe1 Re8 20. Rxe8 Kxe8 21. f4 Kd7 22. Kf2 Kc6 23. Ke3 Kb5 24. Kd3 a5 25. Kc3 a4 26. Be1 Bc7 27. Kd3 f5 28. Bd2 Ba5 29. Bxa5 Kxa5 30. Kc3 b6 31. h3 h5 32. Kd3 b5 33. Kc2 b4 34. h4 Kb5 35. Kd3 g6 36. Kd2 bxa3 37. bxa3 Kc4 38. Ke3 Kc3 0-1

[Event "Niedersachsen-ch"]
[Site "Verden an der Aller"]
[Date "2024.01.06"]
[Round "5"]
[White "Bundan, Edward"]
[Black "Heinemann, Ernst"]
[Result "0-1"]
[WhiteElo "1706"]
[BlackElo "2033"]
[PlyCount "92"]
[EventDate "2024.01.04"]
[EventType "swiss"]
[EventRounds "7"]
[EventCountry "GER"]
[SourceTitle "CB02_2024"]
[SourceDate "2024.01.10"]
[SourceVersion "1"]
[SourceVersionDate "2024.01.10"]
[SourceQuality "1"]

1. e4 c6 2. Nc3 g6 3. d4 d5 4. h4 h5 5. Be3 Nh6 6. exd5 cxd5 7. Qf3 Bg7 8. Qxd5 0-0 9. Qxd8 Rxd8 10. 0-0-0 Nc6 11. d5 Ne5 12. Bxh6 Bxh6+ 13. Kb1 Ng4 14. Nh3 a6 15. Be2 b5 16. Bf3 Ra7 17. Ne4 Ne5 18. Be2 Bf5 19. Ng3 Bxh3 20. gxh3 Rad7 21. a4 Rxd5 22. axb5 axb5 23. Rxd5 Rxd5 24. Rd1 Rxd1+ 25. Bxd1 b4 26. b3 Bd2 27. Ne4 Be1 28. Nc5 Bxf2 29. Nd3 Nxd3 30. cxd3 Bxh4 31. Kc2 Bf2 32. Kd2 Bd4 33. Bf3 f5 34. Bd5+ Kg7 35. Ke2 Kf6 36. Kf3 g5 37. Bc4 g4+ 38. hxg4 hxg4+ 39. Kg2 Kg5 40. Bd5 f4 41. Be4 f3+ 42. Kg3 Be5+ 43. Kf2 Kf4 44. Bd5 g3+ 45. Kg1 Bd4+ 46. Kf1 g2+ 0-1

[Event "Niedersachsen-ch"]
[Site "Verden an der Aller"]
[Date "2024.01.05"]
[Round "4"]
[White "Bundan, Edward"]
[Black "Evering, Soeren"]
[Result "1/2-1/2"]
[WhiteElo "1706"]
[BlackElo "2034"]
[PlyCount "38"]
[EventDate "2024.01.04"]
[EventType "swiss"]
[EventRounds "7"]
[EventCountry "GER"]
[SourceTitle "CB02_2024"]
[SourceDate "2024.01.10"]
[SourceVersion "1"]
[SourceVersionDate "2024.01.10"]
[SourceQuality "1"]

1. e4 e5 2. Nf3 Nc6 3. Bb5 a6 4. Bxc6 dxc6 5. h3 Bd6 6. 0-0 c5 7. c3 Ne7 8. d4 cxd4 9. cxd4 exd4 10. Qxd4 0-0 11. Nc3 Nc6 12. Qd1 h6 13. Be3 Re8 14. Re1 Be6 15. Qd2 Qf6 16. Bd4 Qg6 17. Kh1 Qh5 18. Ng1 Rad8 19. Qe2 Qg6 1/2-1/2

[Event "Niedersachsen-ch"]
[Site "Verden an der Aller"]
[Date "2024.01.04"]
[Round "1"]
[White "Bundan, Edward"]
[Black "Bargsten, Justus"]
[Result "1-0"]
[WhiteElo "1706"]
[BlackElo "2216"]
[PlyCount "119"]
[EventDate "2024.01.04"]
[EventType "swiss"]
[EventRounds "7"]
[EventCountry "GER"]
[SourceTitle "CB02_2024"]
[SourceDate "2024.01.10"]
[SourceVersion "1"]
[SourceVersionDate "2024.01.10"]
[SourceQuality "1"]

1. e4 c5 2. Nf3 Nc6 3. Bb5 e6 4. 0-0 Nge7 5. d4 cxd4 6. Nxd4 Qb6 7. Bxc6 bxc6 8. Nc3 e5 9. Nb3 Ng6 10. Be3 Qc7 11. Qd2 Be7 12. Rad1 d6 13. f4 exf4 14. Bxf4 Nxf4 15. Qxf4 0-0 16. Nd4 Bf6 17. Kh1 Rb8 18. b3 Be5 19. Qd2 Bg4 20. Nf3 Rbd8 21. h3 Bh5 22. Qg5 Bxc3 23. Qxh5 Qe7 24. Rd3 g6 25. Qg5 Bf6 26. Qf4 Bg7 27. Nd4 Rc8 28. Nf3 Rcd8 29. Nd4 Qc7 30. c4 Be5 31. Qf3 Rde8 32. Rfd1 Re7 33. Qg4 Bg7 34. Ne2 Rfe8 35. Ng3 h5 36. Qf4 Be5 37. Qg5 Bxg3 38. Qxg3 Rxe4 39. Qxd6 Qb6 40. c5 Qa5 41. Qxc6 Qb4 42. Rd4 Re1+ 43. Kh2 Qc3 44. Rxe1 Rxe1 45. Qf6 Re8 46. Rf4 Qe5 47. Qxf7+ Kh8 48. Qf6+ Qxf6 49. Rxf6 Kg7 50. Rc6 Re7 51. Rc8 Kf7 52. b4 Ke6 53. Rc6+ Kd5 54. Rxg6 Kc4 55. a3 a5 56. bxa5 Ra7 57. a6 Kxc5 58. Rg5+ Kd4 59. Rxh5 Rxa6 60. Rh4+ 1-0

[Event "Bad Pyrmont Pape op-A 2nd"]
[Site "Bad Pyrmont"]
[Date "2023.08.11"]
[Round "3"]
[White "Bundan, Edward"]
[Black "Reins, Henning"]
[Result "0-1"]
[WhiteElo "1486"]
[BlackElo "1942"]
[PlyCount "92"]
[EventDate "2023.08.10"]
[EventType "swiss"]
[EventRounds "7"]
[EventCountry "GER"]
[SourceTitle "EXT 2024"]
[Source "ChessBase"]
[SourceDate "2023.10.10"]
[SourceVersion "1"]
[SourceVersionDate "2023.10.10"]
[SourceQuality "1"]

1. e4 d6 2. d4 Nf6 3. Nc3 g6 4. Nge2 Bg7 5. g3 Nbd7 6. Bg2 e5 7. d5 a5 8. 0-0 0-0 9. f4 exf4 10. gxf4 Re8 11. Ng3 Nc5 12. Re1 Bg4 13. Qd2 c6 14. h3 Bd7 15. Qd1 cxd5 16. exd5 Rxe1+ 17. Qxe1 b5 18. Be3 Rc8 19. Bxc5 Rxc5 20. Qd2 Qc8 21. Rc1 Bxh3 22. Nce4 Nxe4 23. Nxe4 Rc4 24. Nxd6 Qc5+ 25. Kh2 Rd4 26. Qe3 Qxd6 27. Kxh3 Rxf4 28. Qe8+ Bf8 29. Qe3 Be7 30. Bf3 Rh4+ 31. Kg2 Qh2+ 32. Kf1 Qh3+ 33. Ke2 Qh2+ 34. Kd3 Qc7 35. Re1 Bd6 36. Qe8+ Kg7 37. Qc6 Qd8 38. Qe8 Qf6 39. Qe3 Qxb2 40. Be4 Be5 41. Qc5 Rh3+ 42. Re3 Qc1 43. Bf3 Qf1+ 44. Be2 Qf5+ 45. Kd2 Bf4 46. Qd4+ Qf6 0-1

[Event "GER-ch U12"]
[Site "Willingen"]
[Date "2023.05.31"]
[Round "5"]
[White "Rodriguez Klasen, Ennio"]
[Black "Bundan, Edward"]
[Result "0-1"]
[WhiteElo "1526"]
[BlackElo "1338"]
[PlyCount "142"]
[EventDate "2023.05.27"]
[EventType "swiss"]
[EventRounds "9"]
[EventCountry "GER"]
[SourceTitle "CBM 214 Extra"]
[Source "ChessBase"]
[SourceDate "2023.07.31"]
[SourceVersion "1"]
[SourceVersionDate "2023.07.31"]
[SourceQuality "1"]

1. e4 c5 2. d4 cxd4 3. Qxd4 Nc6 4. Qd3 Qc7 5. Nc3 e6 6. Nb5 Qb8 7. Qg3 d6 8. Bd3 a6 9. Nc3 b5 10. f4 Nf6 11. Nf3 Nb4 12. Be3 Nxd3+ 13. cxd3 Bb7 14. h3 Bc6 15. Ne2 b4 16. Ned4 Bb5 17. Kd2 Nd7 18. Nxb5 Qxb5 19. Nd4 Qb7 20. b3 g6 21. Rac1 Bg7 22. Qf2 Nc5 23. f5 exf5 24. exf5 Be5 25. Ne2 Nd7 26. Rhf1 0-0 27. Bh6 Bg7 28. Bxg7 Kxg7 29. f6+ Kh8 30. Qf4 Qxg2 31. Qh6 Rg8 32. Rf4 g5 33. Rg4 Qf3 34. Rxg5 Rxg5 35. Qxg5 Rg8 36. Qa5 Nc5 37. Rxc5 dxc5 38. Qxc5 Qxf6 39. Qxb4 Qb2+ 40. Ke1 Re8 41. Qd2 Qxd2+ 42. Kxd2 Re5 43. d4 Rh5 44. Nf4 Ra5 45. a4 Rf5 46. Ke3 Rf6 47. b4 Kg8 48. Ke4 Kf8 49. Ke5 Rc6 50. a5 Rh6 51. d5 Ke7 52. Kf5 Rf6+ 53. Ke5 Rd6 54. Kf5 f6 55. h4 Rd7 56. Ke4 Rb7 57. Nd3 Rb5 58. Kd4 Kd6 59. Kc4 Rxd5 60. Nc5 Rh5 61. Nxa6 Rxh4+ 62. Kb5 f5 63. Nc5 Kc7 64. a6 Kb8 65. Nd7+ Ka7 66. Nb6 Rh6 67. Nc8+ Kb8 68. Ne7 f4 69. Nc6+ Ka8 70. Kc5 f3 71. b5 Rh5+ 0-1

[Event "GER-ch U12"]
[Site "Willingen"]
[Date "2023.05.30"]
[Round "4"]
[White "Bundan, Edward"]
[Black "Lanert, Theodor"]
[Result "1-0"]
[WhiteElo "1338"]
[BlackElo "1398"]
[PlyCount "41"]
[EventDate "2023.05.27"]
[EventType "swiss"]
[EventRounds "9"]
[EventCountry "GER"]
[SourceTitle "CBM 214 Extra"]
[Source "ChessBase"]
[SourceDate "2023.07.31"]
[SourceVersion "1"]
[SourceVersionDate "2023.07.31"]
[SourceQuality "1"]

1. d4 Nf6 2. c4 g6 3. Nc3 Bg7 4. e4 d6 5. Be2 0-0 6. Be3 e5 7. d5 a5 8. h4 h5 9. f3 Qd7 10. Qc2 Na6 11. 0-0-0 b6 12. Nh3 Nc5 13. Nf2 Ba6 14. Rdg1 c6 15. dxc6 Qxc6 16. Nd5 Nxd5 17. exd5 Qd7 18. g4 f5 19. gxh5 gxh5 20. Bh6 Rf7 21. f4 1-0

[Event "GER-ch U12"]
[Site "Willingen"]
[Date "2023.05.29"]
[Round "3"]
[White "Wang, Kaiwen"]
[Black "Bundan, Edward"]
[Result "1/2-1/2"]
[WhiteElo "1333"]
[BlackElo "1338"]
[PlyCount "109"]
[EventDate "2023.05.27"]
[EventType "swiss"]
[EventRounds "9"]
[EventCountry "GER"]
[SourceTitle "CBM 214 Extra"]
[Source "ChessBase"]
[SourceDate "2023.07.31"]
[SourceVersion "1"]
[SourceVersionDate "2023.07.31"]
[SourceQuality "1"]

1. e4 e6 2. d4 d5 3. exd5 exd5 4. Bd3 Bd6 5. Nf3 Ne7 6. Bg5 f6 7. Bh4 Bf5 8. c3 Nbc6 9. Bg3 Qd7 10. Qc2 0-0-0 11. Bxd6 Bxd3 12. Qxd3 Qxd6 13. Nbd2 Qe6+ 14. Qe3 Qxe3+ 15. fxe3 Nf5 16. Kf2 Rhe8 17. Rhe1 Nd6 18. Ke2 Re7 19. Kd3 Rde8 20. b3 Ne4 21. Kc2 Nf2 22. Nf1 Ne4 23. N1d2 Nd6 24. Kd3 Ne4 25. Kc2 Nd8 26. Nxe4 Rxe4 27. Kd3 Ne6 28. c4 c6 29. cxd5 cxd5 30. Rac1+ Kd7 31. g3 Rg4 32. Rc2 Rc8 33. Rxc8 Kxc8 34. e4 dxe4+ 35. Rxe4 Rxe4 36. Kxe4 Kd7 37. d5 Nc5+ 38. Kd4 Kd6 39. Nd2 b5 40. b4 Nb7 41. Ne4+ Ke7 42. Nc5 Nd8 43. Ne6 Nxe6+ 44. dxe6 Kxe6 45. Kc5 g5 46. Kxb5 f5 47. Kc4 Ke5 48. Kd3 h5 49. Ke3 Kd5 50. h4 gxh4 51. gxh4 Kc4 52. b5 Kxb5 53. Kf4 Ka4 54. Kg5 f4 55. Kxf4 1/2-1/2

[Event "Bremen Silvester op-B"]
[Site "Bremen"]
[Date "2022.12.29"]
[Round "6"]
[White "Behrend, Bjoern"]
[Black "Bundan, Edward"]
[Result "1/2-1/2"]
[WhiteElo "1704"]
[BlackElo "1273"]
[PlyCount "104"]
[EventDate "2022.12.27"]
[EventType "swiss"]
[EventRounds "7"]
[EventCountry "GER"]
[SourceTitle "CBM 211 Extra"]
[Source "ChessBase"]
[SourceDate "2023.01.31"]
[SourceVersion "1"]
[SourceVersionDate "2023.01.31"]
[SourceQuality "1"]

1. e4 c5 2. Nf3 e6 3. d4 cxd4 4. Nxd4 a6 5. Nc3 b5 6. g3 b4 7. Nce2 Bb7 8. Bg2 Qc7 9. 0-0 Nf6 10. Qd3 Be7 11. f4 0-0 12. e5 Bxg2 13. Kxg2 Nd5 14. Bd2 Nc6 15. c4 bxc3 16. Nxc3 Ndb4 17. Qc4 Qb7 18. Nxc6 Nxc6 19. Ne4 Qxb2 20. Rfb1 Qd4 21. Qxd4 Nxd4 22. Rb7 Ba3 23. Rxd7 Nb5 24. Ba5 Rac8 25. Rad1 Rc2+ 26. R1d2 Rxd2+ 27. Rxd2 h6 28. Rd7 Rc8 29. Rd8+ Rxd8 30. Bxd8 Nd4 31. Bb6 Nc6 32. Nc5 Bxc5 33. Bxc5 f6 34. exf6 gxf6 35. Kf3 f5 36. h3 h5 37. g4 hxg4+ 38. hxg4 fxg4+ 39. Kxg4 Kf7 40. Kg5 Na5 41. f5 Nb7 42. Bb4 exf5 43. Kxf5 Ke8 44. Ke6 Kd8 45. Be7+ Kc7 46. Kd5 Kb6 47. a3 Kb5 48. Kd4 Na5 49. Kc3 Nc6 50. Bb4 Nxb4 51. axb4 a5 52. bxa5 Kxa5 1/2-1/2

[Event "GER-ch U10"]
[Site "Willingen"]
[Date "2022.06.11"]
[Round "11"]
[White "Nezhyvenko, Mykhaylo"]
[Black "Bundan, Edward"]
[Result "1-0"]
[WhiteElo "1488"]
[BlackElo "1240"]
[PlyCount "89"]
[EventDate "2022.06.04"]
[EventType "swiss"]
[EventRounds "11"]
[EventCountry "GER"]
[SourceTitle "CBM 208 Extra"]
[Source "ChessBase"]
[SourceDate "2022.07.31"]
[SourceVersion "1"]
[SourceVersionDate "2022.07.31"]
[SourceQuality "1"]

1. e4 e6 2. d4 d5 3. Nc3 Nf6 4. e5 Nfd7 5. Nce2 c5 6. c3 Nc6 7. f4 Qb6 8. Nf3 Be7 9. g3 0-0 10. Bh3 cxd4 11. cxd4 Bb4+ 12. Bd2 Bxd2+ 13. Qxd2 Qb4 14. Nc3 Nb6 15. b3 Bd7 16. 0-0 Rac8 17. Rac1 Rfe8 18. g4 Ne7 19. Qd3 Ng6 20. Qd2 Ne7 21. Ne1 Nc6 22. Nc2 Qe7 23. f5 exf5 24. gxf5 Qh4 25. Bg2 Qg4 26. Ne2 Ne7 27. Ng3 Bb5 28. Rf2 Rc7 29. Re1 Rec8 30. Ne3 Qg5 31. f6 Nc6 32. Rf5 Qh6 33. Rh5 Qf4 34. Ngf5 g6 35. Rh4 Qg5 36. Rg4 Qh5 37. Bf3 Qh3 38. Rg3 Qxg3+ 39. Nxg3 Nd8 40. Nxd5 Nxd5 41. Bxd5 Rc2 42. Qh6 Ne6 43. Bxe6 Rg2+ 44. Kxg2 Rc2+ 45. Kg1 1-0

[Event "GER-ch U10"]
[Site "Willingen"]
[Date "2021.08.24"]
[Round "4"]
[White "Shen, Tingrui"]
[Black "Bundan, Edward"]
[Result "1/2-1/2"]
[WhiteElo "1508"]
[BlackElo "1236"]
[PlyCount "58"]
[EventDate "2021.08.22"]
[EventType "swiss"]
[EventRounds "11"]
[EventCountry "GER"]
[SourceTitle "EXT 2022"]
[Source "ChessBase"]
[SourceDate "2021.10.06"]
[SourceVersion "1"]
[SourceVersionDate "2021.10.06"]
[SourceQuality "1"]

1. e4 c5 2. c4 g6 3. Nc3 Bg7 4. Nge2 Nc6 5. g3 Nf6 6. Bg2 0-0 7. d3 Ne8 8. 0-0 Nc7 9. f4 Ne6 10. Be3 Ned4 11. h3 a6 12. a4 d6 13. g4 Bd7 14. f5 Rc8 15. Ng3 Qc7 16. Nd5 Qd8 17. g5 Re8 18. f6 Bf8 19. fxe7 Bxe7 20. Nf6+ Bxf6 21. gxf6 Re6 22. Bg5 Qf8 23. h4 Ree8 24. Rb1 Ne5 25. Qd2 Red8 26. h5 Bg4 27. Kf2 Rc7 28. Rh1 Rdd7 29. Bf4 Nec6 1/2-1/2